[Event "Moscow op 02nd"]
[Site "Moscow"]
[Date "2006.02.04"]
[Round "7"]
[White "Chebotarev, Oleg"]
[Black "Tishin, Petr"]
[Result "1-0"]
[WhiteElo "2494"]
[BlackElo "2400"]
[PlyCount "95"]
[EventDate "2006.01.29"]
[EventType "swiss"]
[EventRounds "9"]
[EventCountry "RUS"]
[SourceTitle "CBM 110 Extra"]
[Source "ChessBase"]
[SourceDate "2006.03.10"]
[SourceVersion "2"]
[SourceVersionDate "2006.03.10"]
[SourceQuality "1"]

1. Nf3 Nc6 2. d4 d5 3. c4 Bg4 4. Nc3 e6 5. Bf4 dxc4 6. e3 Bd6 7. Bg3 Nf6 8. Bxc4 0-0 9. Be2 a6 10. a3 h6 11. Bh4 Be7 12. h3 Bh5 13. Rc1 Bg6 14. 0-0 Nd5 15. Bxe7 Ncxe7 16. Ne5 Nxc3 17. Rxc3 Be4 18. Qd2 Nc6 19. Bf3 Bxf3 20. Nxf3 Qf6 21. Qc2 Rfd8 22. Rc1 Rd5 23. Rc5 Rxc5 24. Qxc5 Rd8 25. a4 Rd5 26. Qc4 Qd8 27. b4 Qd6 28. e4 Rxd4 29. Nxd4 Nxd4 30. Qxc7 Qxb4 31. Rd1 Ne2+ 32. Kh2 Qxe4 33. Qd8+ Kh7 34. Qd3 Qxd3 35. Rxd3 b6 36. g3 e5 37. Kg2 Nd4 38. f4 f6 39. fxe5 fxe5 40. Re3 b5 41. Rxe5 bxa4 42. Ra5 a3 43. Rxa3 Nf5 44. Rxa6 Ne7 45. Kf3 Nd5 46. Ke4 Nc7 47. Rc6 Ne8 48. Kf5 1-0

[Event "EU-ch Internet Gr-C 3rd"]
[Site "Playchess.com INT"]
[Date "2006.01.22"]
[Round "?"]
[White "Chebotarev, Oleg"]
[Black "Kobalia, Mihail"]
[Result "0-1"]
[WhiteElo "2494"]
[BlackElo "2654"]
[PlyCount "74"]
[EventDate "2006.01.22"]
[EventType "tourn (blitz)"]
[EventRounds "12"]
[EventCountry "GER"]
[SourceTitle "EXT 2007"]
[Source "ChessBase"]
[SourceDate "2006.11.23"]
[SourceVersion "1"]
[SourceVersionDate "2006.11.23"]
[SourceQuality "1"]

1. e4 c5 2. Nf3 e6 3. d4 cxd4 4. Nxd4 Nc6 5. Nc3 a6 6. Be3 Nf6 7. Be2 Bb4 8. 0-0 Bxc3 9. bxc3 Nxe4 10. Qd3 Nf6 11. Bg5 0-0 12. Qh3 h6 13. Bh4 Ne5 14. f4 Ng6 15. Be1 d5 16. Qg3 Ne4 17. Qe3 Qc7 18. Kh1 Bd7 19. c4 f5 20. cxd5 exd5 21. Bd3 Rae8 22. Qf3 Qc5 23. Nb3 Qc7 24. Ba5 Qc8 25. Rab1 Rf6 26. Nd4 Kh7 27. Be1 Qc7 28. h4 Ne7 29. h5 Nc6 30. Ne2 d4 31. Bh4 Nd2 32. Qh3 Rff8 33. Ng3 Nxb1 34. Rxb1 Qxf4 35. Rxb7 Bc8 36. Rb6 Ne5 37. Be2 Ng4 0-1

[Event "EU-ch Internet Gr-C 3rd"]
[Site "Playchess.com INT"]
[Date "2006.01.22"]
[Round "1.2"]
[White "Chebotarev, Oleg"]
[Black "Turov, Maxim"]
[Result "0-1"]
[WhiteElo "2494"]
[BlackElo "2539"]
[PlyCount "84"]
[EventDate "2006.01.22"]
[EventType "tourn (blitz)"]
[EventRounds "12"]
[EventCountry "GER"]
[SourceTitle "EXT 2007"]
[Source "ChessBase"]
[SourceDate "2006.11.23"]
[SourceVersion "1"]
[SourceVersionDate "2006.11.23"]
[SourceQuality "1"]

1. e4 c6 2. d4 d5 3. Nc3 dxe4 4. Nxe4 Bf5 5. Ng3 Bg6 6. h4 h6 7. Nf3 Nd7 8. h5 Bh7 9. Bd3 Bxd3 10. Qxd3 Qc7 11. Bd2 Ngf6 12. 0-0-0 e6 13. Ne4 0-0-0 14. g3 Nxe4 15. Qxe4 Bd6 16. c4 c5 17. Kb1 Rhe8 18. Bc3 Nf6 19. Qe2 Qc6 20. Rh4 a6 21. dxc5 Qxc5 22. Rhd4 Bc7 23. Rxd8+ Rxd8 24. Rxd8+ Kxd8 25. Ne5 Ke8 26. a3 a5 27. Ka2 b5 28. b4 axb4 29. axb4 Qa7+ 30. Kb3 Bxe5 31. Qxe5 bxc4+ 32. Kxc4 Qa2+ 33. Kd3 Qxf2 34. b5 Nd7 35. Qxg7 Qf3+ 36. Kd2 Nc5 37. Qe5 Qd3+ 38. Ke1 Qxb5 39. Qh8+ Kd7 40. Qxh6 Qb1+ 41. Ke2 Qd3+ 42. Kf2 Ne4+ 0-1

[Event "EU-ch Internet Gr-C 3rd"]
[Site "Playchess.com INT"]
[Date "2006.01.22"]
[Round "1.1"]
[White "Kobalia, Mihail"]
[Black "Chebotarev, Oleg"]
[Result "1-0"]
[WhiteElo "2654"]
[BlackElo "2494"]
[PlyCount "69"]
[EventDate "2006.01.22"]
[EventType "tourn (blitz)"]
[EventRounds "12"]
[EventCountry "GER"]
[SourceTitle "EXT 2007"]
[Source "ChessBase"]
[SourceDate "2006.11.23"]
[SourceVersion "1"]
[SourceVersionDate "2006.11.23"]
[SourceQuality "1"]

1. e4 c5 2. Nf3 e6 3. d4 cxd4 4. Nxd4 Nc6 5. Nc3 a6 6. Nxc6 bxc6 7. Bd3 Qc7 8. 0-0 Nf6 9. Re1 Bd6 10. h3 Be5 11. Ne2 d5 12. f4 Bd6 13. e5 Bc5+ 14. Kh2 Nd7 15. c4 Rb8 16. b3 0-0 17. Bb2 a5 18. Rc1 Be3 19. Bxh7+ Kxh7 20. Qd3+ f5 21. exf6+ Kg8 22. Qxe3 Nxf6 23. Be5 Qb6 24. c5 Qb4 25. Bxb8 Qxb8 26. Qe5 Qb4 27. Nd4 Bd7 28. Nxe6 Re8 29. f5 Qh4 30. Qg3 Qh6 31. Qg5 Qh7 32. Rcd1 Re7 33. Nd4 Rf7 34. Re5 Ne4 35. Qd8+ 1-0